000 00614nam a22002417a 4500
003 UA-OsUOA
001 22874
007 ta
008 20031226b un ||||| |||| 00| 0 ukr d
100 _aОксіюк І. Ф.
090 _a2 (091)
_bО-52
942 _cBK
040 _aUA-OsUOA
_bukr
_cUA-OsUOA
_dUA-OsUOA
245 _aУнія
_bІсторичний нарис
300 _a34 с.
955 _a0
041 _aukr
080 _a2 (091)
260 _aКиїв
_bВидання Української Православної Церкви
_c1990
044 _aUA
650 7 _2UDC
999 _c309106
_d309106